Statistics for Top 30 Most Populous Cities by Native and English Name

Click here to take the quiz!

General Stats

  • This quiz has been taken 82 times
  • The average score is 45 of 60

Answer Stats

Urban Area % Correct
Los Angeles
96%
New York City
96%
London
95%
Beijing
95%
Shanghai
93%
Tōkyō
93%
Tokyo
93%
Paris
92%
Moscow
92%
Mexico City
89%
New Delhi
89%
São Paulo
88%
Mumbai
86%
Cairo
86%
Guangzhou
85%
Jakarta
84%
Rio de Janeiro
82%
İstanbul
81%
Buenos Aires
81%
Istanbul
81%
Manila
78%
Kolkata
78%
Johannesburg
76%
Lagos
74%
Ōsaka
73%
Bangkok
73%
Osaka
73%
Karachi
72%
Karāchi
72%
Seoul
70%
Bombay
66%
Dhaka
65%
Kinshasa
64%
Tehran
62%
Calcutta
62%
Tehrān
62%
Tianjin
47%
Canton
46%
Ciudad de México
45%
Moskva
43%
Dacca
26%
Krung Thep
19%
Al-Qāhirah
9%
Tientsin
9%

Score Distribution

Percentile by Number Answered

Percent of People with Each Score

Your Score History

You have not taken this quiz